| 000 | 00420nam a2200157Ia 4500 | ||
|---|---|---|---|
| 008 | 230711s9999||||xx |||||||||||||| ||und|| | ||
| 041 | _aENG | ||
| 082 |
_a658.404 _bSR-P |
||
| 100 | _aSrinath,LS | ||
| 245 | 0 | _aPERT and CPM : principles and applications | |
| 250 | _a3rd Ed. | ||
| 260 |
_c2006 _aNew Delhi _bAffiliated East-West Press Private Limited |
||
| 300 | _a202 | ||
| 650 | _aMechanical Engineering | ||
| 942 | _cBK | ||
| 999 |
_c4663 _d4663 |
||